| 000 | 01630cam a22002054a 4500 | ||
|---|---|---|---|
| 005 | 20250605163957.0 | ||
| 008 | 250528s ||||||||||||||||||||||||d | ||
| 035 | _a15503 | ||
| 020 | _a9607344020 | ||
| 040 |
_aGR-AtMCL _bgre _dGR-AtMCL _eAACR2 |
||
| 245 | 1 | _aΕπιχειρησιακές Επικοινωνίες | |
| 260 |
_bΣύγχρονη Εκδοτική, _c1992 |
||
| 300 | _a240 | ||
| 505 | 0 | _aΕισαγωγή στην Επικοινωνία, Διοίκηση και Επικοινωνία, Εισαγωγή στη Γραπτή Επιχειρησιακή Επικοινωνία, Εισαγωγή στην Προφορική Επιχειρησιακή Επικοινωνία, Εισαγωγή στην Επικοινωνία των Ομάδων, Επιχειρησιακές Εκθέσεις, Εξοπλισμός και Επικοινωνία, Προβλήματα και Ασκήσεις Επικοινωνίας, Βιβλιογραφία. | |
| 520 | _aΕισαγωγή στην Επικοινωνία, Διοίκηση και Επικοινωνία, Εισαγωγή στη Γραπτή Επιχειρησιακή Επικοινωνία, Εισαγωγή στην Προφορική Επιχειρησιακή Επικοινωνία, Εισαγωγή στην Επικοινωνία των Ομάδων, Επιχειρησιακές Εκθέσεις, Εξοπλισμός και Επικοινωνία, Προβλήματα και Ασκήσεις Επικοινωνίας, Βιβλιογραφία. | ||
| 700 | 1 |
_aΚόντης Θεμιστοκλής _91435 |
|
| 942 | _cBK | ||
| 999 |
_c1079 _d1079 |
||